| 000 | 00640 a2200217 4500 | ||
|---|---|---|---|
| 001 | 47982 | ||
| 005 | 20260407155746.0 | ||
| 008 | 260407a1968 arg spa d | ||
| 003 | AR-UNSa-BCEJYS | ||
| 040 |
_aAR-UNSa-BCEJYS _bspa _cAR-UNSa-BCEJYS |
||
| 080 |
_a336.74 _xMoneda. Sistema monetario |
||
| 245 | 1 | 0 | _aTeoría monetaria y política físcal |
| 250 | _a2a.ed. | ||
| 264 | 1 |
_aBuenos Aires : _bFondo de Cultura Económica _c1968 |
|
| 300 |
_a273 p. _c21 cm. |
||
| 942 | _cBK | ||
| 590 | _aniveau_biblio:m niveau_hierar:0 | ||
| 100 | 1 | _aHansen, Alvin H. | |
| 700 | 1 | _aJustic de Flores, Alena | |
| 700 | 1 | _aFlores de la Peña, Horacio | |
| 999 |
_c4511 _d4511 |
||